MARC

LEADER 00000nam0a2200000 4500
001 373863
005 20231102012613.0
035 |a (RuTPU)RU\TPU\retro\31294 
035 |a RU\TPU\book\164515 
090 |a 373863 
100 |a 20221216d1979 k y0rusy5003 ca 
101 0 |a rus 
102 |a RU 
105 |a a z 001zy 
200 1 |a Гидравлическая добыча угля  |e [сборник]  |f Всесоюзный научно-исследовательский и проектно-конструкторский институт добычи угля гидравлическим способом (ВНИИгидроуголь) ; отв. ред. Р. П. Болотов 
210 |a Новокузнецк  |c Изд-во КузНИУИ  |d 1979 
215 |a 126 с.  |c ил. 
225 1 |a Труды ВНИИгидроугля  |v Вып. 43 
320 |a Библиогр. в конце ст. 
606 1 |a Угледобыча  |x Гидромеханизация  |x Экономическая эффективность  |x Технико-экономические показатели  |x Технико-экономический анализ  |2 stltpush  |3 (RuTPU)RU\TPU\subj\62320  |9 79400 
610 1 |a уголь 
610 1 |a гидравлическая добыча 
610 1 |a методы 
610 1 |a гидравлический способ 
610 1 |a надежность 
610 1 |a разрушение 
675 |a 622.234.5  |v 3 
702 1 |a Болотов  |b Р. П.  |4 340 
712 0 2 |a Всесоюзный научно-исследовательский и проектно-конструкторский институт добычи угля гидравлическим способом (ВНИИгидроуголь)  |2 stltpush  |3 (RuTPU)RU\TPU\col\14682 
801 0 |a RU  |b RuMRKP  |c 19950704  |g psbo 
801 1 |a RU  |b 63413507  |c 20090127  |g PSBO 
801 2 |a RU  |b 63413507  |c 20221216  |g PSBO 
942 |c BK